Radical Architectural Drawing / (Record no. 609533)
[ view plain ]
| 000 -LEADER | |
|---|---|
| fixed length control field | 02068 a2200277 i 4500 |
| 001 - CONTROL NUMBER | |
| control field | 265283524 |
| 003 - CONTROL NUMBER IDENTIFIER | |
| control field | MePoLT |
| 005 - DATE AND TIME OF LATEST TRANSACTION | |
| control field | 20240607114042.0 |
| 008 - FIXED-LENGTH DATA ELEMENTS--GENERAL INFORMATION | |
| fixed length control field | 240606b ||||| |||| 00| 0 eng d |
| 020 ## - INTERNATIONAL STANDARD BOOK NUMBER | |
| International Standard Book Number | 9781119787778 |
| 038 ## - RECORD CONTENT LICENSOR | |
| Staff Name | Malang Jan |
| 040 ## - CATALOGING SOURCE | |
| Original cataloging agency | MePoLT |
| Transcribing agency | MePoLT |
| Description conventions | rda |
| 082 ## - DEWEY DECIMAL CLASSIFICATION NUMBER | |
| Classification number | 720.284 |
| Author Mark | RAD |
| 090 #4 - LOCALLY ASSIGNED LC-TYPE CALL NUMBER (OCLC); LOCAL CALL NUMBER (RLIN) | |
| Classification number (OCLC) (R) ; Classification number, CALL (RLIN) (NR) | NA2700.S65 |
| 245 00 - TITLE STATEMENT | |
| Title | Radical Architectural Drawing / |
| Statement of responsibility, etc. | edited by Neil Spiller |
| 264 #1 - PRODUCTION, PUBLICATION, DISTRIBUTION, MANUFACTURE, AND COPYRIGHT NOTICE | |
| Place of production, publication, distribution, manufacture | London: |
| Name of producer, publisher, distributor, manufacturer | John Wiley & Sons; |
| Date of production, publication, distribution, manufacture, or copyright notice | 2022. |
| 300 ## - PHYSICAL DESCRIPTION | |
| Extent | 136p.: |
| Other physical details | ill; |
| Dimensions | 27cm. |
| 440 10 - SERIES STATEMENT/ADDED ENTRY--TITLE | |
| Title | Architectural design |
| 9 (RLIN) | 33235 |
| 490 10 - SERIES STATEMENT | |
| Series statement | Architectural design |
| Volume/sequential designation | vol:92,no:04 |
| 505 ## - FORMATTED CONTENTS NOTE | |
| Formatted contents note | Removing the Cataracts : Architectural Imagination / Neil Spiller -- Fantastical Monsters : The Persistent Memory of Machines / Aaron Betsky -- Constructing Indeterminacy : A Détournement of Didactic Models / Penelope Haralambidou -- Consistency in Change : Architecture for Optimistic Living / Ricardo de Ostos -- Shallow to Deep : Drawing as Close Encounter / Michael McGarry -- Visceral Encounters : Unevenness in Moments of Foundational Apprehension / Jason Young -- Making Rainbows : Landscapes for Negotiation / Sarah de Villiers -- Urban Cartographies : Drawing Seen Through Bacon's Painting / Peter Salter -- World-Shaping : Choreographies of Mapping and Construction / Robin Wilson -- A Moving Grove : Our Climate Future and Its Branching Possibilities / Nicholas de Monchaux -- Thick Fields and Aberrant Transmutations / Chris L Smith -- Hermeneutic Imagination : Drawing Out Freud / Alberto Pérez-Gómez -- King of Infinite Space : The Talisman and the Temple / Neil Spiller -- Moments - On the Dissecting Table / Wolfgang Tschapeller -- A Band of Colours : Spectral Assemblies / Ulrika Karlsson -- Valuing Drawings : The Tchoban Foundation / Neil Spiller. |
| 520 ## - SUMMARY, ETC. | |
| Summary, etc. | Radical Architectural Drawing (Architectural Design, Issue 4, July/August 2022, 92) by Neil Spiller (2022) |
| 650 ## - SUBJECT ADDED ENTRY--TOPICAL TERM | |
| Topical term or geographic name entry element | Architectural drawing |
| 9 (RLIN) | 25520 |
| 700 1# - ADDED ENTRY--PERSONAL NAME | |
| Personal name | Spiller,Neil |
| 9 (RLIN) | 32763 |
| 942 ## - ADDED ENTRY ELEMENTS (KOHA) | |
| Source of classification or shelving scheme | |
| Koha item type | Book |
| Withdrawn status | Lost status | Source of classification or shelving scheme | Damaged status | Not for loan | Permanent Location | Current Location | Date acquired | Source of acquisition | Total Checkouts | Full call number | Barcode | Date last seen | Copy number | Cost, replacement price | Price effective from | Koha item type |
|---|---|---|---|---|---|---|---|---|---|---|---|---|---|---|---|---|
| School of Art Design and Architecture (SADA) | School of Art Design and Architecture (SADA) | 06/03/2024 | Golden Books | 720.284 RAD 2022 | SADA0003034 | 06/06/2024 | 01 | 9180.60 | 06/06/2024 | Book |
